000 01006cam a2200265 a 4500
001 000005891
005 20200929151828.0
008 940801s1993 ck b 001 e spa
020 _a9586121593
040 _aDO-SdBNP
_cDLC
082 _a302.4
_bP116i
100 1 _aPachón Farías, Hilda Soledad,
_d1955-
_916605
245 1 4 _aLos intelectuales colombianos en los años veinte :
_bel caso de José Eustasio Rivera /
_cHilda Soledad Pachón Farías.
260 _aSantafé, Bogotá :
_bColcultura,
_c1993.
300 _a157 p. ;
_c21 cm.
490 1 _aPremios nacionales´93
500 _a"Ensayo joven ex-aequo."
504 _aIncluye referencias bibliográficas: (p. 141-157).
586 _aPremio Nacional de Ensayo Joven, 1993
650 4 _aIntelectuales
_zAmérica Latina
_ySIGLOS XVI-XX
_916606
650 4 _aIntelectuales
_zColombia
_ySIGLO XX
_916607
600 1 4 _aRIVERA, JOSÉ EUSTASIO
_d1889-1928
_916608
830 0 _aPremios nacionales´93.
_916609
910 _aCatalogación por copia / LC
999 _c5687
_d5687